James Bond Geography Quiz Stats

 Plays Quiz Updated Jun 11, 2016

Score 0/115 Timer 06:00
1 Play Today
Film Country % Correct
Skyfall (2012)United Kingdom
97.6%
GoldenEye (1995)United States
97.5%
Goldfinger (1964)United States
97.5%
Thunderball (1965)United States
97.5%
Diamonds Are Forever (1971)United States
97.5%
Live and Let Die* (1973)United States
97.5%
Moonraker (1979)United States
97.5%
A View to a Kill (1985)United States
97.5%
Licence to Kill* (1989)United States
97.5%
Casino Royale (2006)United States
97.5%
You Only Live Twice (1967)United Kingdom (Hong Kong)
97.2%
The Man with the Golden Gun (1974)United Kingdom
97.2%
The Living Daylights (1987)United Kingdom
96.8%
Dr. No (1962)United Kingdom
96.8%
From Russia With Love (1963)United Kingdom
96.8%
Goldfinger (1964)United Kingdom
96.8%
A View to a Kill (1985)United Kingdom
96.8%
The World Is Not Enough (1999)United Kingdom
96.8%
Die Another Day (2002)United Kingdom
96.8%
Quantum of Solace (2008)United Kingdom
96.8%
The Spy Who Loved Me (1977)United Kingdom
96.7%
Thunderball (1965)United Kingdom
96.6%
On Her Majesty's Secret Service (1969)United Kingdom
96.6%
Diamonds Are Forever (1971)United Kingdom
96.6%
Live and Let Die* (1973)United Kingdom
96.6%
For Your Eyes Only (1981)United Kingdom
96.6%
Octopussy (1983)United Kingdom
96.6%
Licence to Kill* (1989)United Kingdom
96.6%
GoldenEye (1995)United Kingdom
96.6%
Tomorrow Never Dies (1997)United Kingdom
96.6%
Casino Royale (2006)United Kingdom
96.6%
Skyfall (2012)United Kingdom
96.6%
Spectre (2015)United Kingdom
96.6%
GoldenEye (1995)Russia
96.1%
Quantum of Solace (2008)Russia
96.1%
Tomorrow Never Dies (1997)Russia
95.9%
Thunderball (1965)France
93.9%
Diamonds Are Forever (1971)France
93.9%
A View to a Kill (1985)France
93.9%
Film Country % Correct
GoldenEye (1995)France
93.9%
Die Another Day (2002)China
93.7%
Skyfall (2012)China
93.1%
The Man with the Golden Gun (1974)China
93%
Tomorrow Never Dies (1997)China
93%
From Russia With Love (1963)Italy
91.5%
The Spy Who Loved Me (1977)Italy
91.5%
Moonraker (1979)Italy
91.5%
For Your Eyes Only (1981)Italy
91.5%
Casino Royale (2006)Italy
91.5%
Quantum of Solace (2008)Italy
91.5%
Spectre (2015)Italy
91.4%
You Only Live Twice (1967)Japan
91.2%
Diamonds Are Forever (1971)Japan
91.2%
Tomorrow Never Dies (1997)Germany
90.8%
For Your Eyes Only (1981)Spain
87.7%
The World Is Not Enough (1999)Spain
87.7%
Spectre (2015)Mexico
87.1%
Goldfinger (1964)Mexico
85.5%
Diamonds Are Forever (1971)Mexico
85.5%
Moonraker (1979)Brazil
84.6%
Goldfinger (1964)Switzerland
81.4%
On Her Majesty's Secret Service (1969)Switzerland
81.4%
Octopussy (1983)India
81%
Diamonds Are Forever (1971)Egypt
78.2%
The Spy Who Loved Me (1977)Egypt
78.2%
From Russia With Love (1963)Turkey
77.3%
The World Is Not Enough (1999)Turkey
77.3%
Skyfall (2012)Turkey
77%
Spectre (2015)Austria
76.8%
The Spy Who Loved Me (1977)Austria
75.8%
The Living Daylights (1987)Austria
75.8%
Quantum of Solace (2008)Austria
75.8%
The Man with the Golden Gun (1974)Macau (Portugal)
73.7%
For Your Eyes Only (1981)Greece
73.2%
Die Another Day (2002)Cuba
72.1%
GoldenEye (1995)Cuba
72.1%
Dr. No (1962)Jamaica
72.1%
Live and Let Die* (1973)Jamaica
72.1%
Film Country % Correct
On Her Majesty's Secret Service (1969)Portugal
72%
Diamonds Are Forever (1971)South Africa
67.3%
Die Another Day (2002)South Korea
66.2%
Diamonds Are Forever (1971)Netherlands
64.2%
Die Another Day (2002)North Korea
64.1%
Spectre (2015)Morocco
63.1%
The Living Daylights (1987)Morocco
60%
The Man with the Golden Gun (1974)Thailand
59.9%
Die Another Day (2002)Iceland
58.2%
Casino Royale (2006)Bahamas
57.5%
Thunderball (1965)Bahamas
57.5%
Licence to Kill* (1989)Bahamas
57.5%
Tomorrow Never Dies (1997)Vietnam
56.3%
GoldenEye (1995)Monaco
55.4%
The Living Daylights (1987)Pakistan
54.1%
Casino Royale (2006)Pakistan
54.1%
A View to a Kill (1985)USSR
53.3%
GoldenEye (1995)USSR
53.3%
The Living Daylights (1987)Afghanistan
48.1%
Tomorrow Never Dies (1997)Afghanistan
48.1%
Casino Royale (2006)Czechia
47.7%
Quantum of Solace (2008)Haiti
44.3%
The Living Daylights (1987)Czechoslovakia
43.8%
From Russia With Love (1963)Yugoslavia
43.3%
Spectre (2015)Vatican City
39.9%
Quantum of Solace (2008)Bolivia
39.8%
Octopussy (1983)East Germany
36.9%
Casino Royale (2006)Montenegro
36.8%
Octopussy (1983)West Germany
35.4%
The World Is Not Enough (1999)Kazakhstan
32.8%
For Your Eyes Only (1981)Albania
27.9%
Casino Royale (2006)Madagascar
27.6%
The World Is Not Enough (1999)Azerbaijan
25.6%
The Man with the Golden Gun (1974)Lebanon
23.4%
Casino Royale (2006)Uganda
18.3%
Live and Let Die* (1973)San Monique
12.8%
Licence to Kill* (1989)Republic of Isthmus
12.7%

You're not logged in!

Compare scores with friends on all Sporcle quizzes.
OR
Log In

Show Comments

Extras

Top Quizzes Today


Score Distribution

Your Account Isn't Verified!

In order to create a playlist on Sporcle, you need to verify the email address you used during registration. Go to your Sporcle Settings to finish the process.

Report this User

Report this user for behavior that violates our Community Guidelines.

Details: